<?xml version="1.0" encoding="UTF-8"?>
<record
    xmlns:xsi="http://www.w3.org/2001/XMLSchema-instance"
    xsi:schemaLocation="http://www.loc.gov/MARC21/slim http://www.loc.gov/standards/marcxml/schema/MARC21slim.xsd"
    xmlns="http://www.loc.gov/MARC21/slim">

  <leader>00747nam a2200193 a 4500</leader>
  <controlfield tag="001">BRCA_2847</controlfield>
  <controlfield tag="005">20190320204009.0</controlfield>
  <controlfield tag="008">101208s1823----mx-#---###---#000-0#spa-u</controlfield>
  <datafield tag="050" ind1=" " ind2="4">
    <subfield code="a">F1232</subfield>
    <subfield code="b">.B87 1823</subfield>
  </datafield>
  <datafield tag="245" ind1="1" ind2="0">
    <subfield code="a">Cuadro Hist&#xF3;rico de la Revoluci&#xF3;n de la Am&#xE9;rica Mejicana</subfield>
    <subfield code="b">[30 cartas] dedicadas a la buena memoria del se&#xF1;or don Jos&#xE9; Mar&#xED;a Morelos</subfield>
    <subfield code="c">Carlos Mar&#xED;a de Bustamante, editor.</subfield>
  </datafield>
  <datafield tag="260" ind1=" " ind2=" ">
    <subfield code="a">Puebla, M&#xE9;xico</subfield>
    <subfield code="b">Oficina del Gobierno Imperial</subfield>
    <subfield code="c">1823</subfield>
  </datafield>
  <datafield tag="300" ind1=" " ind2=" ">
    <subfield code="a">1 v.</subfield>
    <subfield code="c">25 cm.</subfield>
  </datafield>
  <datafield tag="500" ind1=" " ind2=" ">
    <subfield code="a">B2</subfield>
  </datafield>
  <datafield tag="600" ind1="1" ind2="4">
    <subfield code="a">Morelos y Pav&#xF3;n, Jos&#xE9; Mar&#xED;a</subfield>
    <subfield code="d">1765-1815</subfield>
    <subfield code="9">7961</subfield>
  </datafield>
  <datafield tag="651" ind1=" " ind2="4">
    <subfield code="a">M&#xE9;xico</subfield>
    <subfield code="x">Historia</subfield>
    <subfield code="y">Guerra de Independencia, 1810-1821</subfield>
    <subfield code="9">7962</subfield>
  </datafield>
  <datafield tag="700" ind1="1" ind2=" ">
    <subfield code="a">Bustamante, Carlos Mar&#xED;a de</subfield>
    <subfield code="d">1774-1848</subfield>
    <subfield code="e">ed</subfield>
    <subfield code="9">555</subfield>
  </datafield>
  <datafield tag="902" ind1=" " ind2=" ">
    <subfield code="a">GFM</subfield>
  </datafield>
  <datafield tag="942" ind1=" " ind2=" ">
    <subfield code="2">lcc</subfield>
    <subfield code="c">B</subfield>
  </datafield>
  <datafield tag="999" ind1=" " ind2=" ">
    <subfield code="c">2586</subfield>
    <subfield code="d">2586</subfield>
  </datafield>
  <datafield tag="952" ind1=" " ind2=" ">
    <subfield code="0">0</subfield>
    <subfield code="1">0</subfield>
    <subfield code="4">0</subfield>
    <subfield code="7">0</subfield>
    <subfield code="a">BRCA</subfield>
    <subfield code="b">BRCA</subfield>
    <subfield code="d">2008-12-10</subfield>
    <subfield code="i">B2</subfield>
    <subfield code="l">0</subfield>
    <subfield code="o">F1232 .B87 1823 (B2)</subfield>
    <subfield code="p">2844</subfield>
    <subfield code="r">2019-03-22 00:00:00</subfield>
    <subfield code="w">2019-03-22</subfield>
    <subfield code="y">B</subfield>
  </datafield>
</record>
